| 000 | 00405nam a22001457a 4500 | ||
|---|---|---|---|
| 005 | 20250916090548.0 | ||
| 008 | 250916b |||||||| |||| 00| 0 eng d | ||
| 020 | _a9798887153216 | ||
| 050 | _aTP 248.2.P48 2024 | ||
| 100 | _aPETRA CORDELI | ||
| 245 | _aLABORATORY TEC HNIQUES IN BIOTECHNOLOGY: METHODS AND APPLICATIONS | ||
| 260 |
_aNEWYORK _bORYSON PRESS _c2024 |
||
| 300 | _aX.300 | ||
| 942 |
_2lcc _cBK |
||
| 999 |
_c216097 _d216097 |
||